Sustaining Values (Record no. 75386)

MARC details
000 -LEADER
fixed length control field 00925cab a2200181 4500
001 - CONTROL NUMBER
control field L130000
008 - FIXED-LENGTH DATA ELEMENTS--GENERAL INFORMATION
fixed length control field 050614n2005 000 0 eng u
035 ## - SYSTEM CONTROL NUMBER
System control number (Sirsi) u130000
041 ## - LANGUAGE CODE
Language code of text/sound track or separate title eng
100 ## - MAIN ENTRY--PERSONAL NAME
Personal name Pratt, Keith
245 ## - TITLE STATEMENT
Title Sustaining Values
260 ## - PUBLICATION, DISTRIBUTION, ETC.
Date of publication, distribution, etc. 2005
490 ## - SERIES STATEMENT
Series statement Premises and Facilities Management
Volume/sequential designation May 2005, 40-41(2)
520 ## - SUMMARY, ETC.
Summary, etc. Gives details of some of the ideas and themes to emerge from the Occupiers Property Databank conference. Central to the debates were the issues of environment and sustainability with more desire to improve energy management in commercial property encouraged by government policy. When businesses are identifying property for future needs they are being more selective by choosing those properties where the design offers a greater degree of sustainable operation.
590 ## - LOCAL NOTE (RLIN)
Local note IKA210605
690 ## - LOCAL SUBJECT ADDED ENTRY--TOPICAL TERM (OCLC, RLIN)
Topical term or geographic name as entry element ENVIRONMENTAL AND LAND CONSULTANCY-SUSTAINABILITY
942 ## - ADDED ENTRY ELEMENTS (KOHA)
Suppress in OPAC 0
Holdings
Withdrawn status Lost status Source of classification or shelving scheme Damaged status Not for loan Home library Current library Shelving location Date acquired Total Checkouts Full call number Barcode Date last seen Copy number Price effective from Koha item type
    Dewey Decimal Classification     London London Journal article 14/06/2005   L130000 130000-1001 06/08/2019 1 06/08/2019 Journal article